Study of scheduled caste and scheduled tribe high school students in Andhra Prad (Record no. 21423)

MARC details
000 -LEADER
fixed length control field 00319nam a2200121Ia 4500
082 ## - DEWEY DECIMAL CLASSIFICATION NUMBER
Classification number RL.0013
100 ## - MAIN ENTRY--AUTHOR NAME
Personal name Lakshmanna, C.
245 #0 - TITLE STATEMENT
Title Study of scheduled caste and scheduled tribe high school students in Andhra Prad
260 ## - PUBLICATION, DISTRIBUTION, ETC. (IMPRINT)
Year of publication 0
300 ## - PHYSICAL DESCRIPTION
Number of Pages 128p.
942 ## - ADDED ENTRY ELEMENTS (KOHA)
Koha item type Books
Holdings
Withdrawn status Lost status Damaged status Not for loan Home library Current library Date acquired Full call number Accession Number Price effective from Koha item type
        NASSDOC Library NASSDOC Library 08/10/2004 RL.0013 6976 18/04/2019 Books